000
00327nam a2200121Ia 4500
008
231228s1981 xx 000 0 und d
041
_a
eng
082
_a
301
_b
PAR
100
_a
PARKER (S.R) / BROWN (R.K) / SMITH (M.A)
245
_a
The Sociology of Industry
260
_a
London
_b
GEORGE GODWIN London
_c
1981
300
_a
208
999
_c
1079596
_d
1079596